000 01090nam0a2200337 4500
001 RU\NLR\BIBL_A\021998244
005 20250625081412.0
010 _a978-5-17-133329-4
_95000
021 _aRU
_b2023-43757
_9КН-П-4375
035 _a(RuMoRGB)011913825
035 _a(NLR Aleph) 021998244
090 _a12447152
_c12447152
100 _a20230807d2023 |||y0rusy50 ca
101 0 _arus
102 _aRU
105 _aa|||z 000zy
181 0 _ai3
_baxxe
182 1 _an
200 1 _aТаро Уэйта
_eподробное толкование карт и самые важные расклады
_fАлекс Уэйт
203 _aТекст
_bвизуальный
_cнепосредственный
210 _aМосква
_cАСТ
_d2023
215 _a127, [1] с.
_cцв. ил.
_d12х18
225 1 _aМагический помощник
333 _a16+
606 1 _aТаро
_92073672
_3RU\NLR\AUTH\661248597
686 1 _aЭ391.215
700 1 _aУэйт
_bА.
_gАлекс
942 _cBOOK
980 _aNB